İçeriği atla
Inicio
Centros participantes
Catálogo
Servicios
Contacto
Giriş
English
Deutsch
Español
Français
Italiano
日本語
Nederlands
Português
Português (Brasil)
中文(简体)
中文(繁體)
Türkçe
עברית
Gaeilge
Cymraeg
Ελληνικά
Català
Euskara
Русский
Čeština
Suomi
Svenska
polski
Dansk
slovenščina
اللغة العربية
বাংলা
Galego
Tiếng Việt
Hrvatski
हिंदी
Հայերէն
Українська
Sámegiella
Dil
Tüm Alanlar
Materyal Adı
Yazar
Konu
Yer Numarası
ISBN/ISSN
Etiket
Ara
Gelişmiş
Medidas económicas gubernament...
Alıntıla
E-posta Gönder
Yazdır
Kaydı İhraç Et
İhraç Et RefWorks
İhraç Et EndNoteWeb
İhraç Et EndNote
Favorilerime ekle
Kalıcı bağlantı
Aktarım Tamamlandı —
İlk derecelendirmeyi ekleyin
Medidas económicas gubernamentales e inflación
Kaydedildi:
Detaylı Bibliyografya
Materyal Türü:
Metin
Konular:
INFLACION
ECONOMIA
POLITICA GUBERNAMENTAL
PRECIOS
IMPUESTOS
Etiketler:
Etiketle
Etiket eklenmemiş, İlk siz ekleyin!
Erişim Bilgileri
Diğer Bilgiler
Yorumlar
Benzer Materyaller
MARC Görünümü
MARC
LEADER
00000 a a2200000 04500
001
6008
003
040
245
|a
Medidas económicas gubernamentales e inflación
650
|a
INFLACION
650
|a
ECONOMIA
650
|a
POLITICA GUBERNAMENTAL
650
|a
PRECIOS
650
|a
IMPUESTOS
773
|g
volumen 16, número 681; páginas 6-8
999
|c
27332
|d
27332
Benzer Materyaller
Política salarial, inflación y restricción externa. Parte 2: Salarios e inflación
¡¿ Inflación reprimida ?! /
Yazar:: Chévez Chévez, Rodolfo
Gobierno endurece medidas económicas
Un enfoque monetario del costo de la inflación en Costa Rica /
Yazar:: Zúñiga Fallas, Norberto
La inflación en El Salvador /
Yazar:: Pacheco, María Josefa